000 00988nam a2200313Ia 4500
003 OSt
005 20221007122743.0
006 a|||||r|||| 00| 0
007 ta
008 221006b |||||||| |||| 00| 0 eng d
020 _a1591690439
024 _a165646
037 _b566, 26/12/2011, Dhanraj Book House
_cTextual
040 _aPAPL
_cPAPL
_beng
041 _2eng
_aeng
082 _aC211-4:7, P3;P8 Carpa
100 _aGaskell David R
_9715109
245 0 _aIntroduction to the thermodynamics of materials
250 _a5
260 _aNew
_bYork Taylor & francis
_c2008
300 _axv; 618p. Include CD-ROM
_ccm.
500 _aApendices 581-598p.; Index 615-618p.
650 _a Materials-thermal properties
_9715110
650 _a Metallurgy
_9522398
650 _a Thermodynamics
650 _aPhysics
942 _hC211-4:7, P3;P8 Carpa
_cTEXL
_2CC
999 _c1210874
_d1210874